Amb les inspeccions, tots hi sortim guanyant
Publicado:
Barcelona :
Diputació de Barcelona. Àrea d’Atenció a les Persones. Servei de Suport a les Polítiques de Consum ,
2013
Descripción Física:
1 carpeta que inclou 1 bolígraf amb una memòria USB de 2 GB ; 21 x 15 cm
MARC
| LEADER | 00000nom a2200000 a 4500 | ||
|---|---|---|---|
| 001 | 24044 | ||
| 008 | 160829s2013 xx 000 0 cat d | ||
| 080 | |a NBM-8-9 | ||
| 245 | |a Amb les inspeccions, tots hi sortim guanyant | ||
| 260 | |a Barcelona : |b Diputació de Barcelona. Àrea d’Atenció a les Persones. Servei de Suport a les Polítiques de Consum, |c 2013 | ||
| 300 | |a 1 carpeta que inclou 1 bolígraf amb una memòria USB de 2 GB ; |c 21 x 15 cm | ||
| 650 | 0 | |a Educació del consumidor |9 26804 | |
| 650 | 0 | |a Objectes publicitaris |9 54098 | |
| 710 | 1 | |a Barcelona (Catalunya : Província). |b Servei de Suport a les Polítiques de Consum |9 52739 | |
| 856 | |u www.diba.cat/consum | ||
| 901 | |a Arxiu | ||
| 942 | |n 1 |2 udc | ||
| 952 | |0 0 |1 0 |4 0 |6 NBM89 |7 1 |9 55280 |a Arxiu |b Arxiu |d 2016-12-01 |l 0 |o NBM-8-9 |p 24044 |r 2016-12-01 00:00:00 |w 2016-12-01 |y ARXIU | ||
| 999 | |c 59153 |d 59153 | ||